Groups in process (Record no. 59722)
[ view plain ]
| 000 -LEADER | |
|---|---|
| fixed length control field | 00683 a2200253 4500 |
| 041 ## - LANGUAGE CODE | |
| Language code of text/sound track or separate title | Eng |
| 082 ## - DEWEY DECIMAL CLASSIFICATION NUMBER | |
| Classification number | 301.152 |
| Item number | G918 |
| 100 ## - MAIN ENTRY--PERSONAL NAME | |
| Personal name | Barker, Larry L |
| 9 (RLIN) | 20574 |
| 100 ## - MAIN ENTRY--PERSONAL NAME | |
| Personal name | Wahlers, Kathy J. |
| 9 (RLIN) | 20575 |
| 100 ## - MAIN ENTRY--PERSONAL NAME | |
| Personal name | Cegala, Donald J. |
| 9 (RLIN) | 20576 |
| 100 ## - MAIN ENTRY--PERSONAL NAME | |
| Personal name | Kibler, Robert J. |
| 9 (RLIN) | 20577 |
| 245 ## - TITLE STATEMENT | |
| Title | Groups in process |
| Remainder of title | an introduction to small group communication |
| 250 ## - EDITION STATEMENT | |
| Edition statement | 2nd ed. |
| 260 ## - PUBLICATION, DISTRIBUTION, ETC. | |
| Place of publication, distribution, etc. | Englewood |
| Name of publisher, distributor, etc. | Prentice-Hall |
| Date of publication, distribution, etc. | c1983 |
| 300 ## - PHYSICAL DESCRIPTION | |
| Extent | viii, 264p. illus. |
| 650 ## - SUBJECT ADDED ENTRY--TOPICAL TERM | |
| Topical term or geographic name entry element | Decision making |
| 9 (RLIN) | 1113 |
| 650 ## - SUBJECT ADDED ENTRY--TOPICAL TERM | |
| Topical term or geographic name entry element | Social groups |
| 650 ## - SUBJECT ADDED ENTRY--TOPICAL TERM | |
| Topical term or geographic name entry element | Group behaviour |
| 9 (RLIN) | 2595 |
| 650 ## - SUBJECT ADDED ENTRY--TOPICAL TERM | |
| Topical term or geographic name entry element | Leadership |
| 653 ## - INDEX TERM--UNCONTROLLED | |
| Uncontrolled term | Sociology |
| 942 ## - ADDED ENTRY ELEMENTS (KOHA) | |
| Source of classification or shelving scheme | Dewey Decimal Classification |
| Koha item type | General Collections |
| 518 ## - DATE/TIME AND PLACE OF AN EVENT NOTE | |
| -- | 2011-03-03 |
| 530 ## - ADDITIONAL PHYSICAL FORM AVAILABLE NOTE | |
| -- | M |
| Withdrawn status | Lost status | Source of classification or shelving scheme | Damaged status | Not for loan | Home library | Current library | Date acquired | Total Checkouts | Full call number | Barcode | Date last seen | Date last checked out | Price effective from | Koha item type |
|---|---|---|---|---|---|---|---|---|---|---|---|---|---|---|
| Dewey Decimal Classification | Tribhuvan University Central Library | Tribhuvan University Central Library | 04/29/2018 | 1 | 301.152 G918 | G31161 | 05/08/2018 | 04/29/2018 | 04/29/2018 | General Collections |
